000 00443nam a22001817a 4500
003 OSt
008 250411b |||||||| |||| 00| 0 eng d
020 _a9789391208837
082 _a615.321 DOT
100 _aDohare, Sneh lata
245 _aText Book of Pharmacognosy
260 _aN.Delhi
_bIP Innvative Pub.
_c2023
300 _axi,145
650 _aPharmacognosy
700 _aMathur, Riya
700 _aUddin, Rehan
942 _2ddc
_cBK
999 _c13275
_d13275